| 000 | 00584nam a22001695i 4500 | ||
|---|---|---|---|
| 001 | 53373 | ||
| 003 | ES-MaACL | ||
| 007 | t| | ||
| 008 | 950926s1847 sp ||||1| spa d | ||
| 040 |
_aCAM _bspa _cCAM |
||
| 245 | 0 | 0 |
_aSuplemento al Diccionario razonado de legislación y jurisprudencia de Joaquín Escriche / _cpor un Abogado... de esta Corte. |
| 260 |
_aMadrid : _b[s.n.], _c1847 ( _fLa Ilustración) |
||
| 300 |
_aVII, 852 p. ; _c29 cm. |
||
| 700 | 1 |
_aEscriche, Joaquín. _947647 |
|
| 740 | 0 | _aDiccionario razonado de legislación y jurisprudencia. | |
| 852 |
_aES-MaACL _jB-9461 |
||
| 999 |
_c53373 _d53373 |
||